H Literature - Statistics

General Stats
  • This quiz has been taken 145 times
    43 since last reset
  • The average score is 20 of 35
Answer Stats
Hint Answer % Correct
First name of J.K. Rowling's protagonist Harry
97%
Children's classic _______ the Dirty Dog Harry
97%
Mark Twain adventurer Huckleberry Finn
92%
Tolkien classic The Hobbit
92%
Little girl of the Alps Heidi
90%
_______ of Darkness by Conrad Heart
87%
First name of Agatha Christie detective Hercule
85%
This person's Guide to the Galaxy Hitchhiker's
85%
Second half of Dr. Jekyll (2 words) Mr. Hyde
85%
Margaret Atwood's novel turned TV series The Handmaid's Tale
85%
First name of Les Miserables author Hugo
82%
Animal companion of the previous clue Hedwig
72%
On a roll, friend of 2 clues ago Hermione
72%
________ Hears a Who Horton
72%
Debut novel was The Sun Also Rises Hemingway
69%
Famous egg Humpty Dumpty
69%
Number of years old was the Man Who Climbed Out of the Window Hundred
69%
Louise Fitzhugh's girl "detective" _____ the Spy Harriet
64%
Collins' dystopian novel series The Hunger Games
64%
Classic Christmas story of giving by O. ______ Henry
56%
The Heart is a Lonely _______ Hunter
56%
Rider from The Legend of Sleepy Hollow (2 words) Headless horseman
46%
Arthur Conan Doyle novel The Hound of the Baskervilles
44%
A Thousand Splendid Suns author Khaled ____ Hosseini
41%
Who coloured with a Purple Crayon? Harold
38%
Diana Wynne Jones title ________ Moving Castle Howl's
36%
Last name of creator of Sam Spade Hammett
31%
Nick Hornby's novel and hit movie High Fidelity
31%
Detective brothers The Hardy Boys
31%
Last name of author who wrote several industry novels such as Wheels, Hotel, Airport Hailey
26%
Character that matches this category also written by the previous answer Hunchback
26%
First name of the author of The Great Alone Hannah
21%
Kathryn Stockett's novel set in 1960's Jackson, MS. The Help
21%
Oscar Wilde fairytale The Happy Prince
8%
Angie Thomas' blockbuster The Hate U Give
5%
No matching quizzes found
Score Distribution
Percent of People with Each Score
Percentile by Number Answered
Your Score History
You have not taken this quiz since the last reset